Maiores artilheiros brasileiros da Ligue 1 - Statistics

Estatísticas Gerais
  • Esse quiz foi jogado 32 vezes
  • A pontuação média é 3 de 10
Estatísticas das Respostas
Classificaçao Numero de jogos Times Nome % Correto
2 82 gols PSG Neymar
97%
3 75 gols Olympique Lyonnais Juninho
90%
5 55 gols Monaco, PSG Nenê
42%
7 51 gols PSG Raí
32%
1 138 gols Olympique Lyonnais Sonny Anderson
23%
10 36 gols Olympique de Marseille, AS Saint-Etienne, SC Bastia Brandao
6%
4 58 gols AS Saint-Etienne Ilan
3%
6 51 gols Lille OSC, Olympique Marseille Michel Bastos
3%
8 45 gols Girondins de Bordeaux, RC Lens Jussiê
0%
9 40 gols FC Le Mans, Lille OSC, FC Evian Túlio de Melo
0%
Nenhum quiz correspondente encontrado
Distribuição das Pontuações
Porcentagem de Pessoas com Cada Pontuação
Percentil de Números Respondidos
Sua Pontuação Histórica
Você não jogou esse quiz